Regionálne aspekty sociálneho a ekonomického rozvoja SR diplomová práca

Saved in:
Bibliographic Details
Main Author: Vilhanová, Bibiána
Corporate Author: Fakulta hospodárskej informatiky EU. Katedra štatistiky
Other Authors: Hurbánková, Ľubica, 1980-
Format: Book
Language:Slovak
Published: Bratislava 2018
Tags: Add Tag
No Tags, Be the first to tag this record!

MARC

LEADER 00000nbm a2200000 4500
001 0243548
005 20181010105718.0
041 0 |a slo 
044 |a SK 
245 1 0 |a Regionálne aspekty sociálneho a ekonomického rozvoja SR  |b diplomová práca  |c Bibiána Vilhanová ; školiteľ: Ľubica Hurbánková 
264 1 |a Bratislava  |c 2018 
300 |a 76 s. 
100 1 |a Vilhanová, Bibiána 
700 1 |a Hurbánková, Ľubica, 1980- 
710 2 |a Fakulta hospodárskej informatiky EU. Katedra štatistiky